000 00495cam a2200157 4500500
005 20251109010954.0
041 _afre
042 _adc
100 1 0 _aHowes, Thomas
_eauthor
700 1 0 _aGautier, Benoît
_eauthor
245 0 0 _aLe postlibéralisme catholique, âme damnée du trumpisme
260 _c2025.
500 _a5
786 0 _nÉtudes | 4331 | 11 | 2025-11-03 | p. 7-16 | 0014-1941
856 4 1 _uhttps://shs.cairn.info/revue-etudes-2025-11-page-7?lang=fr&redirect-ssocas=7080
999 _c1562196
_d1562196